Quizzes
Events
Quiz Creation
Community
Videos
Private Events
Remove Ads
Sign In
Join for FREE
Feedback
Dark Mode
Quiz Categories
Sports
Geography
Music
Movies
Television
Just For Fun
Miscellaneous
History
Literature
Language
Science
Gaming
Entertainment
Religion
Holiday
For Kids
Quiz Lab
Recent
Popular Today
Quiz Kudos Today
Editor Picks
Curator Picks
Quizzes by...
Day
Popularity
Type
Ratings
Length
Year
Community
Subscriptions
Recent Discussions
Orange Saloon
Badges
Playlists
Quests
Create
Leaderboards
Showdown
Live 5
Trivia Bingo
Activity
Puzzle Library
Sporcle Events
Private Events
Virtual Trivia
Globe League
Become a Host
Pub Owners
SporcleCon
Opinionation
Our Games
Videos
Blog
Mobile Apps
Partnerships
Remove Ads and Go Orange
Feedback
Gaming
Video Games
Board Games
Card Games
Pokémon
Mario
Nintendo
Minecraft
Console
Toys
Legend of Zelda
Gaming
Video Games
Board Games
Card Games
Pokémon
Mario
Nintendo
Minecraft
Console
Toys
Legend of Zelda
Random Quiz
Search Sporcle
×
Curator Pick
Curator Pick
Gaming
Video Games
Click on answers out of a set of options
Click on answers out of a set of options
Multiple Choice
Best Score? Go Orange.
Minecraft Trivia: The Nether Stats
What do you know about the Minecraft Nether?
By
SporcleEXP
5m
10 Questions
1,676 Plays
1,676 Plays
1,676 Plays
Comments
Comments
Give Quiz Kudos
Give Quiz Kudos
-
- Ratings
hide this ad
Random Order
Randomize order of answers
Randomize order of answers
Replay
Link that replays current quiz
Next Quiz
Link to next quiz in quiz playlist
You Got
0%
They Got
Avg Score
63%
Avg Friend Score
Upgrade to see
Score Distribution
Jump to the score distribution portion of the page
Score
0/10
Timer
05:00
0
Plays Today
Question
Answer
Wrong Answers
In Nether Fortresses, you can also find Blaze spawners. If you kill a blaze, what does it drop?
Blaze Rod
78.2%
Blaze Powder
7.5%
Fire Charge
3.3%
Lava Bucket
2.5%
What is the achievement called when you hit a Ghast's fireball back to the Ghast?
Return to Sender
77.6%
Hot Topic
4.4%
Time to Strike!
5.2%
Sniper Duel
3.6%
Which of these blocks can't be found in the Nether?
Stone
76.7%
Glowstone
5.2%
Gravel
11.1%
Soulsand
5%
To reach the Nether, you need a Nether portal. What is the smallest number of obsidian blocks you need to build the Nether portal?
10
74.3%
12
11.1%
14
8.4%
16
4.9%
If you are in the Nether and you want to protect your portal, which of these blocks are best?
Cobblestone
72.5%
Netherrack
16.9%
Dirt
4.8%
Wooden Planks
4.1%
Ghasts are quite a scary thing in Minecraft, but where did the noise come from?
A cat
64.2%
Normal people saying 'hi' and 'hello'
10.9%
Nowhere: it's computer generated
9.9%
A trumpet
5.7%
In the Nether, Magma Cubes can spawn. How much damage does the tiniest Magma Cube do?
1 heart
50.3%
0 hearts
19.5%
2 hearts
11%
1.5 hearts
14.1%
Structures known as 'Nether Fortresses' spawn in the Nether, which is also where 'Wither Skeletons' spawn. What is the chance of getting its head when you kill one?
2.5%
44.6%
1%
24%
5%
15.7%
10%
8.6%
In the Overworld, lava only travels 3 blocks not including the source block. How far does it travel in the Nether (also not including the source block)?
7 blocks
39.2%
3 blocks
7.8%
5 blocks
18.7%
8 blocks
30.1%
What happens when you place down a bed in the Nether?
You can place them, but not sleep in them
23%
It explodes
57.4%
Nothing
6.3%
You can't place them
3.8%
Quiz Playlist
Details
Report
Send in Message
Add To Playlist
Multiple Choice:
Click on answers out of a set of options
Random Order:
Randomize order of answers
Last Updated: Apr 17, 2023
Curator Pick in
Minecraft
Quiz Scoreboard
CHALLENGE
Sign Up to Join the Scoreboard
Show All
Scores
Hide
Comments
May contain spoilers
Recently Published
9x9 Crossword: Cartoon Network
by jackfrog10
Miscellaneous
3m
College Basketball Coaching Resumes
by pancakes188
Sports
9m
Billboard Blitz: Fleetwood Mac
by CooCooCachoo
Music
15s
More to Explore
Quiz From the Vault
Featured Blog Post
Where Did the Easter Bunny Come From?
hide this ad
You Might Also Like...
Tags
Minecraft Quiz
Video Games Quiz
Medium Difficulty
Multiple Choice
Trivia
Today's Top Quizzes in Gaming
Browse Gaming
hide this ad
Today's Top Quizzes in Video Games
Browse Video Games
Top Contributed Quizzes in Gaming
1
5-to-1: Consoles
2
7-to-1: Board Game Piece Blitz
3
5-to-1: Legend of Zelda
4
League of Legends Pro Players by Career/Team History
5
Destiny 2 exotic weapons by perk icons
6
Ultimate Genshin Impact Logic Puzzle (up to 4.3)
7
Franchise by Action Figure
8
Who's on the WWE 2K24 Cover?
9
Genshin Impact Logic Puzzle Quiz
10
Overwatch Logic Puzzle
Explore More
Trending Topics
Crossword
Disney
Kpop
NBA
Anime
Harry Potter
Marvel
Puzzle
WWE
Song
The Office
NFL
Soccer
Country
Pokémon
hide this ad
More By:
SporcleEXP
Quiz
Plays
Rating
Category
Featured
Created
Harry Potter Deaths in Order Minefield
3,068,489
4.18
Literature
Jan 27, 2016
Sins, Dwarfs, and Spice Girls
847,285
4.42
Just For Fun
Apr 11, 2012
Ancient History Bunker
708,187
4.28
History
Jan 20, 2014
Movie Posters VI
679,042
4.37
Movies
Nov 12, 2010
Movie Posters VII
621,869
4.44
Movies
Apr 16, 2011
Go to Creator's Profile
Score Distribution
Quiz Creator Spotlight
SporcleEXP
Follow
Send a Message
Quizzes Created
-
Created Quiz Play Count
-
More By This Creator
Popular Quizzes Today
1
Find the US States - No Outlines Minefield
2
Find the Countries of Europe - No Outlines Minefield
3
The Countries of the World
4
Find the US States
5
Risky Map Clicking: Biggest States A-Z
6
US States
7
Popular People in 1961
8
Movies - When Are They Set?
More Gaming Quizzes
Gaming Pop-Ups II
Published
Trending Quizzes
Risky Map Clicking: Least Populous States A-Z
1-10 Letter G Words
1-10 Letter F Words
Risky Map Clicking: Next State Alphabetically
Adjectives in 80s TV Shows
Recently Updated
Leaping Animals
pecheneg
Reality TV Shows (A-Z)
bhenderson79
Rickey Henderson's Hall of Fame Teammates
pecheneg
Champions League XIs: Arsenal
pecheneg
Quick Pick: Celebrities in WWE's Hall of Fame
aduchscher
A-Z Keypad Blitz II
pecheneg
Multiple Oscar Actors
pecheneg
Mystery Phrase Blitz: Oscar 'Best Actors'
pecheneg
F. Scott Fitzgerald Novels
LTH
Pick 3 Villains
ddd62291
Trending Topics
Crossword
Disney
Harry Potter
Anime
NBA
Kpop
Marvel
NFL
Puzzle
Song
WWE
Pokémon
Country
The Office
Soccer
Your Account Isn't Verified!
In order to create a playlist on Sporcle, you need to verify the email address you used during registration. Go to your
Sporcle Settings
to finish the process.
Report this User
Report this user for behavior that violates our
Community Guidelines
.
Details:
Send Report
Go to the Sporcle.com Mobile Site →
Comments